| 000 | 00799nam a2200217 a 4500 | ||
|---|---|---|---|
| 008 | 060316s1985 ||||||||||||||||| || u | ||
| 020 | _a0070448280 | ||
| 050 | _aTP 155.7 Mac | ||
| 100 | _aMcCabe, Warren L. (Warren Lee), 1899- | ||
| 245 | 1 | 0 | _aUnit operations of chemical engineering. (4th ed.) |
| 250 | _a4th ed. | ||
| 260 |
_aNew York : _bMcGraw-Hill _c1985 |
||
| 300 | _ax, 960 p. : ill. | ||
| 350 | _a0.00 | ||
| 490 | _aMcGraw-Hill chemical engineering series | ||
| 500 | _aIncludes bibliographies and index. | ||
| 650 | _aCHEMICAL PROCESSES | ||
| 700 | _aHarriott, Peter | ||
| 700 | _aSmith, Julian C. (Julian Cleveland), 1919- | ||
| 995 |
_D0.00 _FCBU-MAIN LIBRARY (Kitwe) _H1 _I44.95 _M1 _UDAMAGED _ZMain Library Open Access Collection |
||
| 999 |
_c60807 _d60807 |
||